| 000 | 00686nam a22002297a 4500 | ||
|---|---|---|---|
| 003 | DO-SdBNP | ||
| 005 | 20240228131751.0 | ||
| 007 | ta | ||
| 008 | 211021b2017 dr ||||| |||| 00| p spa d | ||
| 020 | _a9789945600933 | ||
| 040 |
_aDO-SdBNP _bspa _cBNPHU |
||
| 082 | 4 |
_aRD861.44 _bM538a _222 |
|
| 100 | 1 |
_aMéndez, José Enrique _911184 |
|
| 245 | 1 | 0 |
_aAl despertar: _bPoesía. / _cJosé Enrique Méndez. |
| 260 |
_aSanto Domingo : _bSantuario, _c2017 |
||
| 300 |
_a80 p. ; _c23 cm. |
||
| 590 | _aInventariado, 2021 /LP | ||
| 650 | 4 |
_aPoesía dominicana _980307 |
|
| 650 | 4 |
_aLiteratura dominicana _980308 |
|
| 910 | _aLopérez/Validado. Control de calidad MFF | ||
| 942 |
_2ddc _cLBS1 |
||
| 999 |
_c50799 _d50799 |
||